<?xml version="1.0" encoding="UTF-8"?>
<record
    xmlns:xsi="http://www.w3.org/2001/XMLSchema-instance"
    xsi:schemaLocation="http://www.loc.gov/MARC21/slim http://www.loc.gov/standards/marcxml/schema/MARC21slim.xsd"
    xmlns="http://www.loc.gov/MARC21/slim">

  <leader>00453    a2200121   4500</leader>
  <controlfield tag="001">ART_39579</controlfield>
  <controlfield tag="005">20260410162012.0</controlfield>
  <controlfield tag="008">260409a                                 </controlfield>
  <datafield tag="245" ind1="1" ind2="0">
    <subfield code="a">Estudios econ&#xF3;micos de reemplazo de activo fijo en la empresa</subfield>
  </datafield>
  <datafield tag="100" ind1="1" ind2=" ">
    <subfield code="a">Gonz&#xE1;lez Santoyo, F.</subfield>
  </datafield>
  <datafield tag="700" ind1="1" ind2=" ">
    <subfield code="a">Flores Romero, B.</subfield>
  </datafield>
  <datafield tag="773" ind1="0" ind2=" ">
    <subfield code="t">Documentos del CIECE</subfield>
    <subfield code="g">Ensayos sobre investigaci&#xF3;n del comportamiento de las organizaciones - N&#xBA; 5 (jul./dic. 2008)</subfield>
    <subfield code="w">REV39541</subfield>
  </datafield>
  <datafield tag="999" ind1=" " ind2=" ">
    <subfield code="c">32279</subfield>
    <subfield code="d">32279</subfield>
  </datafield>
</record>
